000 00429nam a2200145Ia 4500
008 100122s9999 xx 000 0 und d
082 _b63634
_a827
100 _aकलंदर
245 _aआणखी कानोकानी
260 _bरोहन प्रकाशन
_c2003
300 _a168
630 _aआणखी कानोकानी
730 _aआणखी कानोकानी
942 _cBOOK
999 _c437556
_d437553